| 000 | 03020cam a22005414i 4500 | ||
|---|---|---|---|
| 003 | PE-LiUPU | ||
| 005 | 20250731172810.0 | ||
| 008 | 150617s1987 sp a r 000 0 spa d | ||
| 020 | _a8471515253 | ||
| 035 | _a(Sirsi) i9788471515254 | ||
| 040 |
_aPE-LiUPU _bspa _cPE-LiUPU _erda |
||
| 049 | _aPRUA | ||
| 082 | 0 | 4 |
_a234.2 _bD78 _221 |
| 100 | 1 |
_aDrane, John, _eautor. |
|
| 245 | 1 | 3 |
_aEl Antiguo Testamento : _bla fe / _cJohn Drane. |
| 264 | 1 |
_aEstella (Navarra) : _bEditorial Verbo Divino, _c1987. |
|
| 300 |
_a156 páginas : _bilustraciones ; _c24 centímetros |
||
| 336 |
_atext _2rdacontent |
||
| 337 |
_aunmediated _2rdamedia |
||
| 338 |
_avolume _2rdacarrier |
||
| 505 | 0 | _aDefinición de la fe -- Los relatos y la fe -- Fe, religión y teología -- El Dios vivo. ¿Quién es Dios? ¿Cómo es Dios? El hombre de Dios -- Luchando con un Dios oculto -- ¿Cómo se conoce a Dios? Los profetas -- Dios y el mundo. Descubrimiento de Dios en la naturaleza y en la historia -- Reflexión sobre el mundo -- El Génesis en su contexto -- El hombre y Dios -- Ruptura de relaciones y nuevo comienzo -- Mirando al futuro -- Dios y su pueblo -- Fe y conducta -- Descubrir la voluntad de Dios -- Sabiduría y fe -- Cumplir la voluntad de Dios -- La administración de justicia -- Individuo y comunidad -- El culto a Dios -- Adoración de un Dios santo -- lugares de culto -- El carácter del culto -- Sentido de los salmos -- Sentido del sacrificio -- Tiempos para el culto -- Reyes, sacerdotes y profetas en el culto. | |
| 526 | _aSEG42 | ||
| 526 | _aSEG41 | ||
| 526 | _aSEG40 | ||
| 526 | _aSEG39 | ||
| 526 | _aP94 | ||
| 526 | _aP87 | ||
| 526 | _aP86 | ||
| 526 | _aP85 | ||
| 526 | _aP77 | ||
| 526 | _aP76 | ||
| 526 | _aP35 | ||
| 630 | 0 | 4 |
_aBiblia. _pA.T. _xTeología. |
| 630 | 0 | 4 |
_aBiblia. _pA.T. _xCrítica, interpretación, etc. |
| 910 |
_ajck _bjvq _cjck _d20150616 |
||
| 942 |
_2ddc _cBOOK |
||
| 949 |
_a234.2 D78 _wDEWEY _c1 _i29127 _lCCODEBUL1 _mBUL _r0 _sY _tBOOK _u2015-6-17 _xTEOLOGIA _PP35 _0COMPRA _o.STAFF. Colección General |
||
| 949 |
_a234.2 D78 _wDEWEY _c2 _i36571 _lCCODEBUL1 _mBUL _r0 _sY _tBOOK _u2015-4-21 _xTEOLOGIA _PP35 _0COMPRA _o.STAFF. Colección General |
||
| 949 |
_a234.2 D78 _wDEWEY _c3 _i31286 _lCCODEBUL1 _mBUL _r0 _sY _tBOOK _u2015-4-21 _xTEOLOGIA _PP35 _0COMPRA _o.STAFF. Colección General |
||
| 994 |
_aC0 _bPEPRU |
||
| 596 | _a1 | ||
| 999 |
_a234.2 D78 _wDEWEY _c3861 _i29127 _f2021-11-11 _g5 _lCCODEBUL1 _mBUL _p14.00 _r0 _sY _tBOOK _u2015-6-17 _xTEOLOGIA _PP35 _0COMPRA _o.STAFF. Colección Teología _d3861 |
||
| 999 |
_a234.2 D78 _wDEWEY _c2 _i36571 _f2021-11-11 _g5 _lCCODEBUL1 _mBUL _p14.00 _r0 _sY _tBOOK _u2015-4-21 _xTEOLOGIA _PP35 _0COMPRA _o.STAFF. Colección Teología |
||
| 999 |
_a234.2 D78 _wDEWEY _c3 _i31286 _d2018-9-11 _e2017-11-19 _f2021-11-11 _g6 _lCCODEBUL1 _mBUL _n1 _p31.00 _q1 _r0 _sY _tBOOK _u2015-4-21 _xTEOLOGIA _PP35 _0COMPRA _o.STAFF. Colección Teología |
||
| 980 |
_81 _gALBERTO SANCHEZ Responsable de Automatización |
||